War Against America (Record no. 302965)

MARC details
000 -LEADER
fixed length control field 00393nam a2200157Ia 4500
008 - FIXED-LENGTH DATA ELEMENTS--GENERAL INFORMATION
fixed length control field 230718s9999 xx 000 0 und d
041 ## - LANGUAGE CODE
Language code of text/sound track or separate title eng
082 ## - DEWEY DECIMAL CLASSIFICATION NUMBER
Classification number 327.117
Item number MYL
100 ## - MAIN ENTRY--PERSONAL NAME
Personal name Mylrole L.
9 (RLIN) 166771
245 ## - TITLE STATEMENT
Title War Against America
260 ## - PUBLICATION, DISTRIBUTION, ETC. (IMPRINT)
Date of publication, distribution, etc. 2000
Name of publisher, distributor, etc. Regan Bboks
300 ## - PHYSICAL DESCRIPTION
Extent 318
365 ## - TRADE PRICE
Currency code Rs.
Price amount 403.00
700 ## - ADDED ENTRY--PERSONAL NAME
Personal name Mylrole L.
9 (RLIN) 166771
906 ## - LOCAL DATA ELEMENT F, LDF (RLIN)
d B:306810-Jan-2002
c OTH
b 60.45
Holdings
Withdrawn status Lost status Damaged status Not for loan Home library Current library Date acquired Vendor Budget Code Cost, normal purchase price Bill number Total Checkouts Full call number Barcode Date last seen Discount Cost, replacement price Bill Date Koha item type Original Barcode
        Cummins College of Engineering for Women Pune Cummins College of Engineering for Women Pune 04/02/2002 Technical Book Services OTH 342.55 3068   327.117 CCEP-BK-14172 18/07/2023 60.45 403.00 10/01/2002 Books 014172